Využitie Big Data a dát z vyhľadávania na internete v poisťovníctve diplomová práca

Gespeichert in:
Bibliographische Detailangaben
1. Verfasser: Dikošová, Zuzana
Körperschaft: Národohospodárska fakulta EU. Katedra poisťovníctva
Weitere Verfasser: Ondruška, Tomáš, 1988-
Format: Buch
Sprache:Slowakisch
Veröffentlicht: Bratislava 2017
Tags: Tag hinzufügen
Keine Tags, Fügen Sie das erste Tag hinzu!

MARC

LEADER 00000nbm a2200000 4500
001 0231944
005 20170713120938.2
041 0 |a slo 
044 |a SK 
245 1 0 |a Využitie Big Data a dát z vyhľadávania na internete v poisťovníctve  |b diplomová práca  |c Zuzana Dikošová ; školiteľ: Tomáš Ondruška 
264 1 |a Bratislava  |c 2017 
300 |a 59 s. 
100 1 |a Dikošová, Zuzana 
700 1 |a Ondruška, Tomáš, 1988- 
710 2 |a Národohospodárska fakulta EU. Katedra poisťovníctva